000 00547nam a2200193Ia 4500
005 20250508150718.0
008 008 250505s9999 xx 000 0 eng d
037 _aTextual
040 _aFEDL
_beng
_cFEDL
041 _aeng
_2eng
084 _a301, HOB
_qFEDL
100 _aHobhouse Leonard T.
_9347122
245 0 _aSocial evolution and political theory
260 _aNew York, USA
_bThe Columbia University Press
_c1911
300 _aix,218p.
650 _aSociology
942 _cTEXL
_h301, HOB
999 _c1325205
_d1325205